[Event "Chess24 Banter Blitz Cup"]
[Site "chess24.com INT"]
[Date "2019.12.04"]
[Round "1.7"]
[White "Ordaz Valdes, Lisandra Teresa"]
[Black "Saric, Ivan"]
[Result "0-1"]
[WhiteTitle "IM"]
[BlackTitle "GM"]
[WhiteElo "2384"]
[BlackElo "2667"]
[WhiteFideId "3506940"]
[BlackFideId "14508150"]
[EventDate "2019.09.25"]
[EventType "blitz"]

1. d4 Nf6 2. c4 g6 3. Nc3 Bg7 4. e4 d6 5. Bd3 O-O 6. h3 c5 7. d5 e6 8. Nf3 exd5
9. cxd5 a6 10. a4 Re8 11. O-O Nbd7 12. Bf4 Qe7 13. Re1 Nh5 14. Bh2 Ne5 15. Nxe5
Bxe5 16. Qf3 Bxh2+ 17. Kxh2 Bd7 18. Rad1 Rab8 19. e5 dxe5 20. d6 Qf6 21. Qe3
Qf4+ 22. g3 Qxe3 23. Rxe3 Nf6 24. a5 b5 25. axb6 Rxb6 26. Bc4 Rxb2 27. Kg1 a5
28. g4 h6 0-1

[Event "Chess24 Banter Blitz Cup"]
[Site "chess24.com INT"]
[Date "2019.12.04"]
[Round "1.8"]
[White "Saric, Ivan"]
[Black "Ordaz Valdes, Lisandra Teresa"]
[Result "1-0"]
[WhiteTitle "GM"]
[BlackTitle "IM"]
[WhiteElo "2667"]
[BlackElo "2384"]
[WhiteFideId "14508150"]
[BlackFideId "3506940"]
[EventDate "2019.09.25"]
[EventType "blitz"]

1. e4 e5 2. Nf3 Nc6 3. Bb5 g6 4. d4 exd4 5. c3 dxc3 6. Nxc3 h6 7. O-O Bg7 8. Nd5
Nge7 9. Bf4 d6 10. Qd2 g5 11. Bg3 O-O 12. Rfe1 a6 13. Ba4 b5 14. Bb3 Be6 15.
Rac1 Qd7 16. h4 g4 17. Nxe7+ Qxe7 18. Rxc6 gxf3 19. gxf3 Bxb3 20. axb3 a5 21.
Qc2 Ra7 22. f4 a4 23. bxa4 bxa4 24. e5 Rb7 25. Qxa4 Rxb2 26. Qc4 dxe5 27. fxe5
Qd7 28. Rxc7 Qh3 29. e6 fxe6 30. Rxe6 Rb1+ 31. Re1+ Kh8 32. Rxb1 Qf5 33. Re1 Qf3
34. Rxg7 Kxg7 35. Re7+ Kh8 36. Qd4+ 1-0

[Event "Chess24 Banter Blitz Cup"]
[Site "chess24.com INT"]
[Date "2019.12.04"]
[Round "1.9"]
[White "Ordaz Valdes, Lisandra Teresa"]
[Black "Saric, Ivan"]
[Result "0-1"]
[WhiteTitle "IM"]
[BlackTitle "GM"]
[WhiteElo "2384"]
[BlackElo "2667"]
[WhiteFideId "3506940"]
[BlackFideId "14508150"]
[EventDate "2019.09.25"]
[EventType "blitz"]

1. d4 Nf6 2. c4 g6 3. Nc3 Bg7 4. e4 d6 5. f4 O-O 6. Nf3 Na6 7. Bd3 Bg4 8. O-O
Nd7 9. Be3 c5 10. d5 Nc7 11. h3 Bxf3 12. Qxf3 e6 13. Rae1 exd5 14. exd5 f5 15.
Bd2 Nf6 16. g4 Qd7 17. gxf5 gxf5 18. Kh1 Rae8 19. Rg1 Rxe1 20. Bxe1 Kh8 21. Ne2
Ne4 22. Bxe4 fxe4 23. Qxe4 Qxh3# 0-1

[Event "Chess24 Banter Blitz Cup"]
[Site "chess24.com INT"]
[Date "2019.12.04"]
[Round "1.10"]
[White "Saric, Ivan"]
[Black "Ordaz Valdes, Lisandra Teresa"]
[Result "1-0"]
[WhiteTitle "GM"]
[BlackTitle "IM"]
[WhiteElo "2667"]
[BlackElo "2384"]
[WhiteFideId "14508150"]
[BlackFideId "3506940"]
[EventDate "2019.09.25"]
[EventType "blitz"]

1. c4 e6 2. Nc3 d5 3. d4 Be7 4. cxd5 exd5 5. Bf4 c6 6. e3 Bd6 7. Bg3 Ne7 8. Bd3
O-O 9. Qc2 g6 10. Nf3 Bf5 11. e4 dxe4 12. Nxe4 Bxe4 13. Bxe4 Bb4+ 14. Kf1 Nd7
15. h4 Nf6 16. h5 Bd6 17. hxg6 fxg6 18. Ne5 Nxe4 19. Qxe4 Nf5 20. Rh3 Qf6 21.
Ng4 Nxg3+ 22. Rxg3 Qe7 23. Qxe7 Bxe7 24. Re1 Bd6 25. Ne5 Rae8 26. Rge3 Bb4 27.
R1e2 Rf5 28. g4 Rff8 29. Kg2 Bd6 30. Nc4 1-0

[Event "Chess24 Banter Blitz Cup"]
[Site "chess24.com INT"]
[Date "2019.12.04"]
[Round "1.1"]
[White "Nihal, Sarin"]
[Black "Martinez Alcantara, Jose Eduardo"]
[Result "1-0"]
[WhiteTitle "GM"]
[BlackTitle "GM"]
[WhiteElo "2610"]
[BlackElo "2602"]
[WhiteFideId "25092340"]
[BlackFideId "3805662"]
[EventDate "2019.09.25"]
[EventType "blitz"]

1. Nf3 c5 2. e3 Nf6 3. b3 g6 4. Bb2 Bg7 5. c4 O-O 6. Be2 b6 7. O-O Bb7 8. d4
cxd4 9. Nxd4 a6 10. Nc3 d6 11. Bf3 Qc8 12. Rc1 e6 13. Qe2 Nbd7 14. Rfd1 Rd8 15.
h3 Ne5 16. Bxb7 Qxb7 17. Rd2 Rac8 18. Rcd1 Ne8 19. Kf1 Nd7 20. Qf3 Qc7 21. Qe2
Ndf6 22. Kg1 Qb7 23. Nf3 Rb8 24. e4 Nd7 25. Na4 b5 26. Bxg7 Kxg7 27. Nb2 Qc7 28.
Qe3 Ndf6 29. e5 dxe5 30. Nxe5 Nd6 31. Qf4 Nde4 32. Rxd8 Rxd8 33. Rxd8 Qxd8 34.
Nbd3 Qd4 35. g4 h6 36. Kg2 bxc4 37. bxc4 Qc3 38. Qe3 Qc2 39. a3 a5 40. Qd4 Qe2
41. Nf4 Qc2 42. Nxe6+ Kh7 43. Nxf7 Qe2 44. Qa7 Nd7 45. Nfg5+ Kg8 46. Qa8+ 1-0

[Event "Chess24 Banter Blitz Cup"]
[Site "chess24.com INT"]
[Date "2019.12.04"]
[Round "1.2"]
[White "Martinez Alcantara, Jose Eduardo"]
[Black "Nihal, Sarin"]
[Result "0-1"]
[WhiteTitle "GM"]
[BlackTitle "GM"]
[WhiteElo "2602"]
[BlackElo "2610"]
[WhiteFideId "3805662"]
[BlackFideId "25092340"]
[EventDate "2019.09.25"]
[EventType "blitz"]

1. c4 c6 2. g3 d5 3. Bg2 Nf6 4. Nf3 g6 5. b3 Bg7 6. Bb2 O-O 7. O-O Bf5 8. Nc3
Na6 9. d3 Re8 10. a3 d4 11. Nb1 e5 12. b4 Qd7 13. Re1 Rad8 14. Nbd2 h5 15. Ng5
Nc7 16. c5 Ne6 17. Ngf3 Nd5 18. Nc4 Nef4 19. gxf4 Nxf4 20. Bc1 Nxg2 21. Kxg2 e4
22. Ng1 Qd5 23. f3 exd3 24. exd3 Rxe1 25. Qxe1 Bxd3 26. Nd6 b6 27. Qe7 Rf8 28.
Ne4 Bxe4 29. Qxe4 Qb3 30. Rb1 Qa2+ 31. Ne2 bxc5 32. bxc5 Qc4 33. Nf4 Rd8 34. Qd3
Qa2+ 35. Rb2 Qa1 36. Rc2 Qb1 37. h4 Rb8 38. Qe4 Rd8 39. Qd3 Rb8 40. Qe4 Rd8 41.
Rc4 Qa2+ 42. Qe2 Qxe2+ 43. Nxe2 d3 44. Nc3 d2 45. Bb2 Bxc3 46. Bxc3 d1=Q 47. Bf6
Qe2+ 48. Kg3 Qxc4 49. Bxd8 Qxc5 50. Bg5 Qd6+ 51. Bf4 Qxa3 52. Bg5 Qb3 53. Bf6 a5
54. Kf4 a4 55. Kg5 a3 56. f4 Qe6 57. Kh6 Qxf6 58. f5 gxf5+ 59. Kxh5 Qg6# 0-1

[Event "Chess24 Banter Blitz Cup"]
[Site "chess24.com INT"]
[Date "2019.12.04"]
[Round "1.3"]
[White "Nihal, Sarin"]
[Black "Martinez Alcantara, Jose Eduardo"]
[Result "0-1"]
[WhiteTitle "GM"]
[BlackTitle "GM"]
[WhiteElo "2610"]
[BlackElo "2602"]
[WhiteFideId "25092340"]
[BlackFideId "3805662"]
[EventDate "2019.09.25"]
[EventType "blitz"]

1. d4 Nf6 2. Bf4 g6 3. Nc3 Bg7 4. e4 d6 5. Qd2 h5 6. O-O-O c6 7. f3 b5 8. Kb1 b4
9. Nce2 a5 10. h4 Ba6 11. Nh3 Nbd7 12. Ng5 Qb6 13. e5 Nd5 14. e6 fxe6 15. Nxe6
Bf6 16. Bg5 Bxe2 17. Bxe2 Nc3+ 18. Ka1 Nxd1 19. Rxd1 a4 20. Bd3 Rg8 21. Qe3 a3
22. b3 Ra7 23. Kb1 Qa5 24. Re1 Nb6 25. Bxf6 Nd5 26. Qh6 Nxf6 27. Ng7+ Kd8 28.
Qxg6 Kc8 29. Qf7 Qd5 30. Qxd5 Nxd5 31. Nxh5 Rxg2 32. f4 Rh2 33. Ng3 Nxf4 34. Nf5
Nxd3 35. cxd3 Rb2+ 36. Ka1 Kd8 37. h5 Ra5 38. Ng7 Rh2 39. Rg1 Kd7 40. Rf1 Rg5
41. Nf5 Rxf5 0-1

[Event "Chess24 Banter Blitz Cup"]
[Site "chess24.com INT"]
[Date "2019.12.04"]
[Round "1.4"]
[White "Martinez Alcantara, Jose Eduardo"]
[Black "Nihal, Sarin"]
[Result "1-0"]
[WhiteTitle "GM"]
[BlackTitle "GM"]
[WhiteElo "2602"]
[BlackElo "2610"]
[WhiteFideId "3805662"]
[BlackFideId "25092340"]
[EventDate "2019.09.25"]
[EventType "blitz"]

1. c4 e5 2. Nf3 e4 3. Nd4 Nc6 4. Nc2 Nf6 5. d4 exd3 6. Qxd3 Bc5 7. e3 O-O 8. Nc3
Re8 9. Be2 Ne5 10. Qd1 d6 11. O-O Bf5 12. Nd4 Bg6 13. b3 a6 14. Bb2 Qd7 15. h3
Rad8 16. Rc1 h6 17. Nd5 Nxd5 18. cxd5 Be4 19. Nf3 Bb6 20. b4 Qf5 21. a4 a5 22.
bxa5 Bxa5 23. Bc3 Bxc3 24. Rxc3 Re7 25. a5 Ra8 26. Ra3 Nxf3+ 27. Bxf3 Re5 28.
Bxe4 Qxe4 29. Qb1 Qxd5 30. Rd1 Qc6 31. Rc1 Rc5 32. Rxc5 dxc5 33. Rb3 Rxa5 34.
Rxb7 Ra8 35. Rb3 c4 36. Rc3 Ra5 37. Qc1 Rc5 38. Qc2 Qd5 39. Qc1 Qc6 40. Qc2 g6
41. Qb2 h5 42. Qc1 Qd5 43. Kh2 Rc6 44. f4 Qe4 45. Qf1 Rc5 46. Qe2 c6 47. Qf1 Qe6
48. Qe2 Qf6 49. Qc2 Qe6 50. Ra3 c3 51. Rxc3 Rxc3 52. Qxc3 Qd5 53. Qf6 c5 54. Qc3
c4 55. f5 gxf5 56. Qf6 Qd3 57. Qg5+ Kf8 58. Qh6+ Ke7 59. Qg5+ Ke6 60. Qxh5 Kd5
61. Qh6 c3 62. Qf6 Kc4 63. Qxf7+ Kb4 64. Qb7+ Ka3 65. Qb6 c2 66. Qa5+ Kb2 67.
Qb4+ Kc1 68. Qe1+ Kb2 69. Qa5 Kc1 70. Qb4 Kd1 71. Qb2 c1=Q 72. Qb3+ Qxb3 73. e4 1-0

[Event "Chess24 Banter Blitz Cup"]
[Site "chess24.com INT"]
[Date "2019.12.04"]
[Round "1.5"]
[White "Nihal, Sarin"]
[Black "Martinez Alcantara, Jose Eduardo"]
[Result "1-0"]
[WhiteTitle "GM"]
[BlackTitle "GM"]
[WhiteElo "2610"]
[BlackElo "2602"]
[WhiteFideId "25092340"]
[BlackFideId "3805662"]
[EventDate "2019.09.25"]
[EventType "blitz"]

1. d4 Nf6 2. Bf4 g6 3. Nc3 d5 4. e3 Bg7 5. h4 a6 6. Nf3 Bg4 7. Qd2 Bxf3 8. gxf3
h5 9. O-O-O c6 10. e4 e6 11. Rg1 Nbd7 12. Bd3 Qb6 13. Be3 Ng8 14. Ne2 Ne7 15. c3
a5 16. Kb1 a4 17. a3 Bf6 18. Bg5 Ng8 19. Nf4 Bxg5 20. Rxg5 Ne7 21. Re1 Kd8 22.
Nh3 Qc7 23. Rgg1 Nf6 24. Ng5 Nc8 25. exd5 exd5 26. Bxg6 Nd6 27. Qf4 Nde4 28.
Nxf7+ 1-0

[Event "Chess24 Banter Blitz Cup"]
[Site "chess24.com INT"]
[Date "2019.12.04"]
[Round "1.6"]
[White "Martinez Alcantara, Jose Eduardo"]
[Black "Nihal, Sarin"]
[Result "0-1"]
[WhiteTitle "GM"]
[BlackTitle "GM"]
[WhiteElo "2602"]
[BlackElo "2610"]
[WhiteFideId "3805662"]
[BlackFideId "25092340"]
[EventDate "2019.09.25"]
[EventType "blitz"]

1. c4 e5 2. g3 Nf6 3. Bg2 Bc5 4. Nc3 c6 5. e3 O-O 6. Nf3 e4 7. Nd4 d5 8. cxd5
cxd5 9. O-O Bxd4 10. exd4 Nc6 11. d3 Bg4 12. dxe4 Bxd1 0-1

[Event "Chess24 Banter Blitz Cup"]
[Site "chess24.com INT"]
[Date "2019.12.04"]
[Round "1.7"]
[White "Nihal, Sarin"]
[Black "Martinez Alcantara, Jose Eduardo"]
[Result "0-1"]
[WhiteTitle "GM"]
[BlackTitle "GM"]
[WhiteElo "2610"]
[BlackElo "2602"]
[WhiteFideId "25092340"]
[BlackFideId "3805662"]
[EventDate "2019.09.25"]
[EventType "blitz"]

1. d4 Nf6 2. Bf4 e6 3. e3 b6 4. Nd2 Bb7 5. Ngf3 Be7 6. Bd3 O-O 7. O-O c5 8. c3
cxd4 9. exd4 d6 10. h3 Nbd7 11. Bh2 Re8 12. Re1 Bf8 13. a4 a6 14. Qe2 h6 15. Nc4
Qc7 16. Ncd2 Qc6 17. Ne4 Nxe4 18. Bxe4 Qxe4 19. Qxe4 Bxe4 20. Rxe4 b5 21. Ree1
Reb8 22. axb5 axb5 23. Nd2 Nf6 24. f3 b4 25. c4 Rc8 26. Kf2 Nd7 27. Ke3 e5 28.
Rec1 Be7 29. Rxa8 Rxa8 30. Nb3 Re8 31. Kd3 Rd8 32. d5 f5 33. Ra1 Bh4 34. Ra7 Bf2
35. Rb7 Nc5+ 36. Nxc5 Bxc5 37. g4 Rf8 38. Ke2 f4 39. Kd3 Rf7 40. Rb8+ Kh7 41.
Ke4 Rc7 42. h4 Bd4 43. Rxb4 Kg6 44. b3 h5 45. gxh5+ Kxh5 46. Bxf4 Bc5 47. Rb5
exf4 48. b4 Be3 49. Kd3 Re7 50. c5 Bf2 51. cxd6 Rd7 52. Ke4 Rxd6 53. Kxf4 Bxh4
54. Ke5 Bg3+ 55. f4 Rf6 56. d6 Bxf4+ 57. Ke4+ Kg4 58. d7 Re6+ 59. Kd4 Bc7 60.
Rd5 Bb6+ 61. Kc4 Bd8 62. Kb5 Rf6 63. Rd4+ Kg5 64. Rd5+ Rf5 65. Kc4 Kg4 66. b5
Rf4+ 67. Rd4 Re4 68. Rxe4+ Kg5 0-1

[Event "Chess24 Banter Blitz Cup"]
[Site "chess24.com INT"]
[Date "2019.12.04"]
[Round "1.8"]
[White "Martinez Alcantara, Jose Eduardo"]
[Black "Nihal, Sarin"]
[Result "0-1"]
[WhiteTitle "GM"]
[BlackTitle "GM"]
[WhiteElo "2602"]
[BlackElo "2610"]
[WhiteFideId "3805662"]
[BlackFideId "25092340"]
[EventDate "2019.09.25"]
[EventType "blitz"]

1. c4 e5 2. g3 Nf6 3. Bg2 Bc5 4. e3 O-O 5. Ne2 c6 6. O-O d5 7. cxd5 Nxd5 8. Nbc3
Bb6 9. d4 exd4 10. exd4 Be6 11. Ne4 Re8 12. N2c3 Na6 13. Na4 h6 14. a3 Qd7 15.
b4 Bh3 16. Bxh3 Qxh3 17. Nd6 Re6 18. Nxb6 axb6 19. Nc4 Nc3 20. Qe1 Rxe1 21. Rxe1
Nxb4 0-1

[Event "Chess24 Banter Blitz Cup"]
[Site "chess24.com INT"]
[Date "2019.12.04"]
[Round "1.9"]
[White "Nihal, Sarin"]
[Black "Martinez Alcantara, Jose Eduardo"]
[Result "1-0"]
[WhiteTitle "GM"]
[BlackTitle "GM"]
[WhiteElo "2610"]
[BlackElo "2602"]
[WhiteFideId "25092340"]
[BlackFideId "3805662"]
[EventDate "2019.09.25"]
[EventType "blitz"]

1. b3 Nf6 2. Bb2 e6 3. Nf3 b6 4. g3 Bb7 5. Bg2 g6 6. O-O Bg7 7. c4 O-O 8. e3 d5
9. Nc3 Qe7 10. Rc1 Rd8 11. cxd5 exd5 12. d4 Nbd7 13. Re1 a6 14. Ne2 Rac8 15. Nf4
c5 16. dxc5 bxc5 17. Rc2 a5 18. Qa1 a4 19. Rd1 Ra8 20. Qc1 axb3 21. axb3 Bc6 22.
Nd3 c4 23. Nd4 Rac8 24. Ba3 Qe8 25. Nxc6 Rxc6 26. Nb4 Rb6 27. bxc4 dxc4 28. Rxc4
Bf8 29. Nc6 Ra8 30. Bxf8 Kxf8 31. Qd2 Kg7 32. Rd4 Nc5 33. Rc4 Ne6 34. Nd4 Rd8
35. Nxe6+ Qxe6 36. Qxd8 Qxc4 37. Qxb6 1-0

[Event "Chess24 Banter Blitz Cup"]
[Site "chess24.com INT"]
[Date "2019.12.04"]
[Round "1.10"]
[White "Martinez Alcantara, Jose Eduardo"]
[Black "Nihal, Sarin"]
[Result "0-1"]
[WhiteTitle "GM"]
[BlackTitle "GM"]
[WhiteElo "2602"]
[BlackElo "2610"]
[WhiteFideId "3805662"]
[BlackFideId "25092340"]
[EventDate "2019.09.25"]
[EventType "blitz"]

1. e4 e5 2. Nf3 Nc6 3. Bb5 a6 4. Ba4 Nf6 5. O-O Be7 6. Re1 b5 7. Bb3 O-O 8. a4
Bb7 9. d3 d6 10. Bd2 b4 11. a5 Rb8 12. c3 Bc8 13. Bc4 bxc3 14. bxc3 Be6 15. Na3
Nxa5 16. Bxe6 fxe6 17. Nc2 Nb3 18. Rxa6 Nc5 19. Ra2 Nxd3 20. Re3 Nc5 21. Nb4 Qd7
22. Qc2 Ra8 23. Rxa8 Rxa8 24. h3 Qa4 25. Qc1 Qa1 26. Nc6 Qxc1+ 27. Bxc1 Kf7 28.
Ng5+ Ke8 29. Bd2 h6 30. Nf3 Nfxe4 31. Be1 Ra1 32. g3 Ng5 33. Kg2 Nxf3 34. Kxf3
Bg5 35. Re2 Kd7 36. Nb4 e4+ 37. Kg4 Bf6 38. Nc2 Ra2 39. h4 Nd3 0-1

[Event "Chess24 Banter Blitz Cup"]
[Site "chess24.com INT"]
[Date "2019.12.04"]
[Round "1.11"]
[White "Nihal, Sarin"]
[Black "Martinez Alcantara, Jose Eduardo"]
[Result "1-0"]
[WhiteTitle "GM"]
[BlackTitle "GM"]
[WhiteElo "2610"]
[BlackElo "2602"]
[WhiteFideId "25092340"]
[BlackFideId "3805662"]
[EventDate "2019.09.25"]
[EventType "blitz"]

1. b3 d5 2. Bb2 Bf5 3. Nf3 e6 4. g3 h6 5. Bg2 Nf6 6. O-O Bh7 7. d3 Be7 8. c4 O-O
9. Nbd2 c6 10. a3 a5 11. Ra2 Nbd7 12. Qa1 Re8 13. Rc1 Bf8 14. Ne5 Qb6 15. Bd4
Qd8 16. Ndf3 Nc5 17. Qb1 Ncd7 18. Qb2 Nxe5 19. Nxe5 Nd7 20. Nxd7 Qxd7 21. Bc3
Bg6 22. h4 b5 23. cxb5 cxb5 24. Qd2 Qa7 25. Raa1 Rec8 26. Bf3 Qb6 27. b4 a4 28.
Qb2 Qb7 29. Bd4 Rxc1+ 30. Rxc1 Rc8 31. Kg2 f6 32. Rc2 Bf7 33. Qc1 Rxc2 34. Qxc2
Bd6 35. e4 Qd7 36. exd5 exd5 37. Bc5 Be5 38. d4 Bb8 39. Qe2 f5 40. Bh5 g6 41.
Bf3 h5 42. Qd2 Bd6 43. Qg5 Kh7 44. Qf6 Bc7 45. Bf8 Be8 46. Be7 Qc6 47. Qf8 Bb6
48. Bf6 1-0

[Event "Chess24 Banter Blitz Cup"]
[Site "chess24.com INT"]
[Date "2019.12.04"]
[Round "1.12"]
[White "Martinez Alcantara, Jose Eduardo"]
[Black "Nihal, Sarin"]
[Result "1/2-1/2"]
[WhiteTitle "GM"]
[BlackTitle "GM"]
[WhiteElo "2602"]
[BlackElo "2610"]
[WhiteFideId "3805662"]
[BlackFideId "25092340"]
[EventDate "2019.09.25"]
[EventType "blitz"]

1. e4 e5 2. Nf3 Nc6 3. Bb5 a6 4. Ba4 Nf6 5. O-O Be7 6. Re1 b5 7. Bb3 O-O 8. a4
Bb7 9. d3 d6 10. Bd2 b4 11. a5 Rb8 12. h3 h6 13. c3 Bc8 14. Bc4 bxc3 15. bxc3
Be6 16. Bxe6 fxe6 17. Qa4 Qd7 18. Na3 Nd4 19. Qd1 Nb3 20. Ra2 Nxa5 21. Nc2 Nb3
22. Be3 a5 23. Na3 a4 24. Nc4 Ra8 25. Qc2 Qc6 26. Ncd2 Rfb8 27. Rb1 Nxd2 28.
Rxb8+ Rxb8 29. Nxd2 Ra8 30. Kh2 d5 31. f3 a3 32. d4 exd4 33. Bxd4 dxe4 34. fxe4
Nd7 35. Nf3 e5 36. Qb3+ Kh7 37. Bf2 Nf6 38. Bg3 Nxe4 39. Bxe5 Bd6 40. Re2 Re8
41. Bxd6 Qxd6+ 42. Kg1 Qc5+ 43. Kh2 Qd6+ 44. Kg1 Qc5+ 45. Nd4 a2 46. Qxa2 Qxc3
47. Nf3 Qc5+ 48. Kh2 Qd6+ 49. Kg1 Qc5+ 50. Kh2 Qd6+ 51. Kg1 Qc5+ 1/2-1/2

[Event "Chess24 Banter Blitz Cup"]
[Site "chess24.com INT"]
[Date "2019.12.17"]
[Round "1.1"]
[White "Shimanov, Aleksandr"]
[Black "Nielsen, Peter Heine"]
[Result "1-0"]
[WhiteTitle "GM"]
[BlackTitle "GM"]
[WhiteElo "2587"]
[BlackElo "2617"]
[WhiteFideId "4198603"]
[BlackFideId "1400355"]
[EventDate "2019.09.25"]
[EventType "blitz"]

1. d4 Nf6 2. Nf3 d5 3. c4 e6 4. Nc3 c6 5. cxd5 exd5 6. Bg5 Be7 7. Qc2 g6 8. h3
Bf5 9. Qc1 Ne4 10. Bh6 Nd7 11. e3 Bf8 12. Bxf8 Kxf8 13. Be2 Ndf6 14. O-O Kg7 15.
Na4 Re8 16. b4 a6 17. Qb2 Qe7 18. Nc5 Nd6 19. Rfc1 Nfe4 20. a4 Nxf2 21. Kxf2
Qxe3+ 22. Kf1 Ne4 23. Nxe4 Rxe4 24. Ra3 Qf4 25. Qd2 Rxd4 26. Qxd4+ 1-0

[Event "Chess24 Banter Blitz Cup"]
[Site "chess24.com INT"]
[Date "2019.12.17"]
[Round "1.2"]
[White "Shimanov, Aleksandr"]
[Black "Nielsen, Peter Heine"]
[Result "1-0"]
[WhiteTitle "GM"]
[BlackTitle "GM"]
[WhiteElo "2587"]
[BlackElo "2617"]
[WhiteFideId "4198603"]
[BlackFideId "1400355"]
[EventDate "2019.09.25"]
[EventType "blitz"]

1. Nf3 d5 2. g3 g6 3. Bg2 Bg7 4. O-O c6 5. d3 e5 6. e4 dxe4 7. dxe4 Qxd1 8. Rxd1
Ne7 9. Nbd2 Be6 10. Ng5 Bg4 11. f3 Bc8 12. Nc4 O-O 13. Be3 h6 14. Nh3 Be6 15.
Bf1 b6 16. a4 Nd7 17. Nf2 Rfd8 18. Nd6 Bf8 19. Rd2 Rdb8 20. Rad1 a6 21. Bc4 Bxc4
22. Nxc4 b5 23. Na5 Nb6 24. Nd3 Nxa4 25. c3 c5 26. Nxe5 c4 27. Nd7 Rc8 28. Bd4
Nc6 29. Nf6+ Kh8 30. Nxc6 Rxc6 31. Ng4+ Kg8 32. Nf6+ Kh8 33. Nd7+ Kg8 34. Ne5
Rcc8 35. Be3 Nc5 36. Bxc5 Bxc5+ 37. Kf1 a5 38. Nd7 a4 39. Rd5 a3 40. bxa3 Be7
41. Nb6 Bf8 42. Nxc8 Rxc8 43. Rxb5 Ra8 44. Ra1 1-0

[Event "Chess24 Banter Blitz Cup"]
[Site "chess24.com INT"]
[Date "2019.12.17"]
[Round "1.3"]
[White "Nielsen, Peter Heine"]
[Black "Shimanov, Aleksandr"]
[Result "0-1"]
[WhiteTitle "GM"]
[BlackTitle "GM"]
[WhiteElo "2617"]
[BlackElo "2587"]
[WhiteFideId "1400355"]
[BlackFideId "4198603"]
[EventDate "2019.09.25"]
[EventType "blitz"]

1. e4 c6 2. Nf3 d5 3. d3 Bg4 4. h3 Bh5 5. g4 Bg6 6. e5 e6 7. Bf4 c5 8. Nbd2 Nc6
9. Bg2 Nge7 10. O-O h5 11. a3 hxg4 12. hxg4 Nc8 13. Qe2 Nb6 14. c3 Be7 15. Bg3
Qd7 16. b4 O-O-O 17. bxc5 Bxc5 18. d4 Be7 19. Nb3 Kb8 20. Nfd2 Ka8 21. a4 a6 22.
a5 Nc8 23. c4 Bh4 24. Bf4 Be7 25. Rfc1 N8a7 26. Bg3 Rc8 27. cxd5 exd5 28. Qe3
Nb5 29. f4 f5 30. g5 Bf7 31. Bf2 Be6 32. Qd3 Nb4 33. Qe2 Nc2 34. Rab1 Nc3 35.
Qd3 Nxb1 36. Rxb1 Nb4 37. Qe2 Rc3 38. Nc5 Bxc5 39. dxc5 Nc6 40. Nb3 Rc4 41. Qd2
Rd8 42. Nd4 Nxd4 43. Bxd4 Qa4 44. Be3 Rd7 45. Rb6 d4 46. Rxe6 dxe3 47. Qxe3 Qd1+
48. Kh2 Qh5+ 49. Kg3 Qg4+ 50. Kh2 Qh4+ 51. Bh3 Rc2+ 52. Kg1 Rd1+ 0-1

[Event "Chess24 Banter Blitz Cup"]
[Site "chess24.com INT"]
[Date "2019.12.17"]
[Round "1.4"]
[White "Shimanov, Aleksandr"]
[Black "Nielsen, Peter Heine"]
[Result "1-0"]
[WhiteTitle "GM"]
[BlackTitle "GM"]
[WhiteElo "2587"]
[BlackElo "2617"]
[WhiteFideId "4198603"]
[BlackFideId "1400355"]
[EventDate "2019.09.25"]
[EventType "blitz"]

1. c4 c5 2. g3 g6 3. Bg2 Bg7 4. Nc3 Nc6 5. d3 d6 6. Qd2 Qa5 7. Nd5 Qd8 8. f4 e6
9. Nc3 Nge7 10. b3 b6 11. Bb2 Bb7 12. e3 Qd7 13. Nf3 d5 14. cxd5 exd5 15. d4
cxd4 16. exd4 O-O 17. O-O Nf5 18. Ne5 Nxe5 19. dxe5 d4 20. Bxb7 Qxb7 21. Nd1
Rad8 22. Qd3 Rfe8 23. Rc1 f6 24. exf6 Bxf6 25. Rc2 Ne3 26. Nxe3 dxe3 27. Qc4+
Kg7 28. Bxf6+ Kxf6 29. Re1 Qe4 30. Qxe4 Rxe4 31. Ree2 Rd1+ 32. Kg2 Re7 33. Rc3
Rd2 34. Kf3 g5 35. fxg5+ Kxg5 36. Rcxe3 Rxe3+ 37. Kxe3 Rd1 38. Kf3 Rc1 39. Re7
Rc2 40. h4+ Kg6 41. Rxa7 h5 42. Ra6 Rc6 43. a4 Kf5 44. a5 Rc3+ 45. Kg2 b5 46.
Rh6 Rxb3 47. Rxh5+ Kg6 48. Rg5+ Kh6 49. a6 b4 50. Rb5 1-0

[Event "Chess24 Banter Blitz Cup"]
[Site "chess24.com INT"]
[Date "2019.12.17"]
[Round "1.5"]
[White "Nielsen, Peter Heine"]
[Black "Shimanov, Aleksandr"]
[Result "0-1"]
[WhiteTitle "GM"]
[BlackTitle "GM"]
[WhiteElo "2617"]
[BlackElo "2587"]
[WhiteFideId "1400355"]
[BlackFideId "4198603"]
[EventDate "2019.09.25"]
[EventType "blitz"]

1. d4 Nf6 2. c4 g6 3. Nc3 Bg7 4. e4 O-O 5. Nf3 d6 6. Be2 e5 7. O-O Nc6 8. d5 Ne7
9. Bg5 h6 10. Bxf6 Bxf6 11. b4 a5 12. a3 Bg7 13. c5 f5 14. Bd3 Bd7 15. Rb1 axb4
16. axb4 Ra3 17. Qc1 Qa8 18. Nd2 fxe4 19. Bxe4 Nf5 20. Nc4 Ra7 21. b5 dxc5 22.
b6 cxb6 23. Rxb6 Kh7 24. Qb1 Qd8 25. Rxb7 Rxb7 26. Qxb7 Bc8 27. Qb6 Qxb6 28.
Nxb6 Nd6 29. Ra1 Bf5 30. f3 Rb8 31. Ra6 h5 32. h4 Bh6 33. Ra7+ Kh8 34. Nd7 Rb3
35. Nf6 Rb7 36. Ra8+ Kg7 37. Ne8+ Nxe8 38. Rxe8 Be3+ 39. Kh2 Bd4 40. Ne2 Bxe4
41. fxe4 Rc7 42. d6 Rd7 43. Nxd4 cxd4 44. Rxe5 Rxd6 45. Rb5 d3 46. Rb1 d2 47.
Rd1 Kf6 48. Kg3 Ke5 49. Kf3 Rd3+ 50. Ke2 Kxe4 0-1

[Event "Chess24 Banter Blitz Cup"]
[Site "chess24.com INT"]
[Date "2019.12.17"]
[Round "1.6"]
[White "Shimanov, Aleksandr"]
[Black "Nielsen, Peter Heine"]
[Result "1-0"]
[WhiteTitle "GM"]
[BlackTitle "GM"]
[WhiteElo "2587"]
[BlackElo "2617"]
[WhiteFideId "4198603"]
[BlackFideId "1400355"]
[EventDate "2019.09.25"]
[EventType "blitz"]

1. e4 e5 2. Nf3 Nc6 3. Bc4 Bc5 4. c3 Nf6 5. d3 d6 6. h3 h6 7. Nbd2 a6 8. a4 Ba7
9. b4 Ne7 10. Bb3 Ng6 11. O-O O-O 12. d4 Re8 13. Re1 Bd7 14. a5 Nh7 15. dxe5
Nxe5 16. Nxe5 dxe5 17. Nc4 Be6 18. Be3 Qxd1 19. Raxd1 Bxe3 20. Rxe3 Rad8 21.
Red3 Rxd3 22. Rxd3 Bxc4 23. Bxc4 Kf8 24. f3 Ke7 25. Kf2 Ng5 26. h4 Ne6 27. g3
Rd8 28. Rd5 f6 29. Ke3 c6 30. Rxd8 Nxd8 31. f4 Kd6 32. Kf3 c5 33. Kg4 cxb4 34.
cxb4 Nc6 35. Bd5 Nxb4 36. Bxb7 Nd3 37. Kf5 Nc5 38. Bd5 exf4 39. gxf4 Ke7 40. e5
fxe5 41. fxe5 g5 42. h5 Nd7 43. Bc4 Nc5 44. Kg6 Nd7 45. Kxh6 g4 46. Bxa6 g3 47.
Bb7 Nxe5 48. a6 1-0